Manual de investigación científica. (Registro nro. 1279)

Detalles MARC
000 -LEADER
fixed length control field 01361nam a2200277 a 4500
005 - FECHA ULTIMA MODIFICACION
control field 20240516131436.0
008 - CAMPO DE CONTROL (LIBRO)
fixed length control field 100831s2012||||sp d f |||| 001 0 spa d
020 ## - INTERNATIONAL STANDARD BOOK NUMBER
ISBN 9788497843096
041 ## - CODIGO DE IDIOMA
Código de idioma de la versión original y/o traducciones intermedias del texto spa
092 ## - SIGNATURA TOPOGRAFICA DEWEY LOCAL
número de clasificación 300.1
libristica 15
sección DEN
100 1# - ENTRADA PRINCIPAL--NOMBRE PERSONAL
Nombre personal Denzin, Norman K.
Función Comp.
9 (RLIN) 1995
245 ## - TITULO PROPIAMENTE DICHO
Título Manual de investigación científica.
Subtítulo y Título paralelo Vol.2 Paradigmas y perspectivas en disputa /
Mención de responsabilidad y remanente de la transcripción de la portada Norman K. Denzin
250 ## - MENCION DE EDICION
Mención de edición 1a ed.
Mención de responsabilidad relacionada con la ed. Traducción Verónica Weinstabl de Iraola
260 ## - PIE DE IMPRENTA
Lugar de publicación, distribución, etc Barcelona:
Nombre de la editorial, distribuidor, etc Gedisa;
Fecha de publicación 2011.
300 ## - DESCRIPCION FISICA
Extension 380 p.
500 ## - NOTA GENERAL
Nota general Denzin, N. K. y Lincoln, Y. S. (Comps.). (2011). Manual de investigación cualitativa. Vol. 2 Paradigmas y perspectivas en disputa. (1a ed.). Barcelona : Gedisa.
653 ## - TÉRMINO INDIZADO - PALABRAS CLAVES
Palabra clave Controversias paradigmáticas, contradicciones y confluencias emergentes
653 ## - TÉRMINO INDIZADO - PALABRAS CLAVES
Palabra clave Etnografía crítica. La política de la colaboración
653 ## - TÉRMINO INDIZADO - PALABRAS CLAVES
Palabra clave Investigación cualitativa feminista de principios del milenio. Desafios y perfiles
653 ## - TÉRMINO INDIZADO - PALABRAS CLAVES
Palabra clave Papel activista moral de los estudiosos de la teoría crítica de la raza
653 ## - TÉRMINO INDIZADO - PALABRAS CLAVES
Palabra clave Replanteo de la teoría crítica y de la investigación cualitativa
653 ## - TÉRMINO INDIZADO - PALABRAS CLAVES
Palabra clave Metodologías para los estudios culturales. Un enfoque integrador
653 ## - TÉRMINO INDIZADO - PALABRAS CLAVES
Palabra clave Humanismo crítico y la teoría queer. Vivir con las tensiones
700 1# - ENTRADAS SECUNDARIAS - NOMBRE PERSONAL
Nombre personal Lincoln, Yvonna S.
9 (RLIN) 1996
Función Comp.
942 ## - ADDED ENTRY ELEMENTS (KOHA)
Source of classification or shelving scheme Dewey Decimal Classification
Item type Libros
Existencias
Estado de retiro Existencia Fuente de clasificación Estado general No para prestamo Ubicación permanente ubicación actual Sala de ubicación Fecha de adquisición Fuente de adquisición Costo, precio normal de compra Total Checkouts Número de clasificación Código de barras Date last seen Número de ejemplar Price effective from Koha tipo de elemento (item) Public note Date last borrowed
    Dewey Decimal Classification     Biblioteca Medicina Biblioteca Medicina Referencia 19/03/2013 PROMED 370.00   300.1 15 DEN 2816 06/11/2014 ej.1 19/03/2013 Libros COMPRA PROMED 2DA ETAPA, MARZO 2013  
    Dewey Decimal Classification     Biblioteca Medicina Biblioteca Medicina Circulación 19/03/2013 PROMED 370.00 1 300.1 15 DEN 2817 06/11/2014 ej.2 19/03/2013 Libros COMPRA PROMED 2DA ETAPA, MARZO 2013 19/04/2013

UNIVERSIDAD NACIONAL DEL COMAHUE
Biblioteca de la Facultad de Ciencias Médicas
Sede Toschi: Los Arrayanes y Av. Toschi, Cipolletti  - Rio Negro
Sede Los Tordos:  Yrigoyen al 2211, Cipolletti - Rio Negro 

Teléfono: 0299 - 4774707 int 25
Contacto: biblioteca@facimed.uncoma.edu.ar
© 2011 - 2026